| 000 | 00536nam a22002057a 4500 | ||
|---|---|---|---|
| 003 | PILC | ||
| 005 | 20160129113257.0 | ||
| 008 | 121114t xxu||||| |||| 00| 0 eng d | ||
| 020 | _a9780449206522 | ||
| 050 |
_aPS 3525.I19 _b.M623 1946 |
||
| 082 |
_aFIC _bM58t 1974 |
||
| 100 |
_aMichener, James A. _920380 |
||
| 245 |
_aTales of the south pacific _cJames Michener |
||
| 260 |
_aNew York : _bFawcett Crest, _cc1946. |
||
| 300 |
_a384 p. : _c18 cm. |
||
| 562 | _e1 | ||
| 650 |
_aFiction _9746 |
||
| 942 |
_2lcc _cBK |
||
| 999 |
_c11486 _d11486 |
||